00412 2200109 4500001002100000005001500021035002400036245015800060260002800218300003800246990001800284YOGYA00000000009429620140823114926 0010-081400000094013 aPengaruh PIR PT. Murakabi Buana Terhadap Penggunaan Tenaga Kerja , Modal Kerja Dan Pendapatan Petani Terong Jepang Di Kabupaten SlemancHendrawati , Heny aYogyakartab[s.n]c1995 axxiii, 126 lembar.bilus.c29 cm. a37454-PD/A.08